[Event "Oruro Baptista Memorial"]
[Site "Oruro"]
[Date "2023.11.04"]
[Round "7"]
[White "Tapia, Mauricio"]
[Black "Guerrero Cataldo, Juan Andres"]
[Result "1/2-1/2"]
[WhiteElo "1816"]
[BlackElo "2022"]
[PlyCount "104"]
[EventDate "2023.11.01"]
[EventType "swiss"]
[EventRounds "9"]
[EventCountry "BOL"]
[SourceTitle "Mega2024 Update 01"]
[Source "Chessbase"]
[SourceDate "2023.11.12"]
[SourceVersion "1"]
[SourceVersionDate "2023.11.12"]
[SourceQuality "1"]

1. e4 c5 2. Nf3 e6 3. c3 Nf6 4. e5 Nd5 5. Bc4 Nb6 6. Bb3 c4 7. Bc2 Nc6 8. 0-0 d6 9. Qe2 dxe5 10. Nxe5 Nxe5 11. Qxe5 Qd6 12. Qe2 Bd7 13. a4 Qc7 14. d4 cxd3 15. Qxd3 Bd6 16. h3 Rd8 17. Bg5 f6 18. Be3 Bc6 19. Qe2 Nd5 20. Na3 a6 21. Bd2 Qf7 22. Rfe1 0-0 23. b4 Bf4 24. c4 Bxd2 25. Qxd2 Nc7 26. Qe2 f5 27. Rad1 Qg6 28. f3 Qf6 29. b5 axb5 30. axb5 Rxd1 31. Rxd1 Be8 32. Qd2 Qb2 33. Qd6 Rf7 34. b6 Na6 35. Qxe6 Qxa3 36. Rd8 Qc5+ 37. Kh1 g6 38. Ba4 Kg7 39. Bxe8 Re7 40. Rd7 Rxd7 41. Qxd7+ Kh6 42. Qxb7 Qxc4 43. Qc6 Qf1+ 44. Kh2 Qe1 45. Qa4 Nb4 46. Qa5 f4 47. Qc5 Qg3+ 48. Kh1 Qe1+ 49. Kh2 Qg3+ 50. Kg1 Qe1+ 51. Kh2 Qg3+ 52. Kh1 Qe1+ 1/2-1/2

[Event "Cochabamba GP op 4th"]
[Site "Cochabamba"]
[Date "2023.09.10"]
[Round "7"]
[White "Montevilla Cahuasa, Elias Alejandro"]
[Black "Tapia, Mauricio"]
[Result "0-1"]
[WhiteElo "1468"]
[BlackElo "1819"]
[PlyCount "46"]
[EventDate "2023.09.07"]
[EventType "swiss"]
[EventRounds "7"]
[EventCountry "BOL"]
[SourceTitle "EXT 2024"]
[Source "ChessBase"]
[SourceDate "2023.10.10"]
[SourceVersion "1"]
[SourceVersionDate "2023.10.10"]
[SourceQuality "1"]

1. c4 Nf6 2. Nc3 d5 3. d4 e6 4. cxd5 exd5 5. Bf4 c6 6. e3 Bb4 7. Bd3 0-0 8. Nge2 Re8 9. 0-0 Nbd7 10. Qa4 Be7 11. b4 a6 12. Qb3 Nh5 13. a4 Nxf4 14. Nxf4 Bd6 15. Nfe2 Nf6 16. Ng3 Ng4 17. Be2 h5 18. Bxg4 Bxg4 19. b5 h4 20. Nge2 Qg5 21. Kh1 h3 22. Rfe1 Bxe2 23. g3 Qg4 0-1

[Event "Cochabamba op 6th"]
[Site "Cochabamba"]
[Date "2023.03.04"]
[Round "5"]
[White "Gareca Ordonez, Laura"]
[Black "Tapia, Mauricio"]
[Result "0-1"]
[WhiteElo "1331"]
[BlackElo "1911"]
[PlyCount "166"]
[EventDate "2023.03.02"]
[EventType "swiss"]
[EventRounds "7"]
[EventCountry "BOL"]
[SourceTitle "CBM 213 Extra"]
[Source "ChessBase"]
[SourceDate "2023.05.31"]
[SourceVersion "1"]
[SourceVersionDate "2023.05.31"]
[SourceQuality "1"]

1. d4 d5 2. Bf4 c5 3. c3 Qb6 4. Qc2 cxd4 5. cxd4 Nc6 6. e3 Bf5 7. Qb3 Qxb3 8. axb3 a6 9. Nf3 e6 10. Be2 Bb4+ 11. Nc3 Nge7 12. Ra4 f6 13. 0-0 g5 14. Bc7 Rc8 15. Bb6 Bd6 16. Nd2 Bg6 17. Na2 Nb8 18. Rc1 Kf7 19. Bc5 Bc7 20. b4 Nd7 21. b5 Nxc5 22. dxc5 axb5 23. Bxb5 Be5 24. Rb4 Ra8 25. Nc3 Rhc8 26. Na4 Bc7 27. Nb3 Rcb8 28. f3 Nc8 29. Bd7 Ke7 30. Bxc8 Rxc8 31. Nb6 Bxb6 32. Rxb6 Rc7 33. Nd4 Ra6 34. Nxe6 Rxb6 35. Nxc7 Rxb2 36. Nxd5+ Ke6 37. Nb6 Be8 38. e4 Bc6 39. Nc4 Ra2 40. Nd6 Rb2 41. Nf5 Rd2 42. Ne3 Re2 43. Nc2 Ke5 44. Nb4 Kd4 45. Nxc6+ bxc6 46. Kf1 Ra2 47. h3 h5 48. Kg1 h4 49. Kf1 Rb2 50. Kg1 Rb5 51. Kf2 Rb2+ 52. Kf1 Ra2 53. Kg1 Ra5 54. Kf2 Rxc5 55. Rd1+ Ke5 56. Ke3 Rc2 57. Rg1 Rc3+ 58. Kd2 Kd4 59. Ra1 Rb3 60. Ra6 Kc5 61. Ra2 Kb5 62. Rc2 c5 63. Ke2 c4 64. Kd2 Rd3+ 65. Ke2 Rd6 66. f4 Kb4 67. fxg5 fxg5 68. Ke3 Rd3+ 69. Ke2 Rg3 70. Kf2 Kc5 71. Re2 Kd6 72. e5+ Ke6 73. Kf1 Rb3 74. Rc2 c3 75. Ke2 Kxe5 76. Ke3 Rb2 77. Rxc3 Rxg2 78. Rc5+ Kf6 79. Rc6+ Kf5 80. Rc5+ Kg6 81. Rc6+ Kh5 82. Rc1 Rg3+ 83. Kf2 Rxh3 0-1

[Event "BOL-ch"]
[Site "Santa Cruz"]
[Date "2022.05.21"]
[Round "6"]
[White "Tapia, Mauricio"]
[Black "Ticona Rocabado, Licael Roderick"]
[Result "0-1"]
[WhiteElo "1904"]
[BlackElo "2097"]
[PlyCount "82"]
[EventDate "2022.05.18"]
[EventType "tourn"]
[EventRounds "9"]
[EventCountry "BOL"]
[SourceTitle "EXT 2023"]
[Source "ChessBase"]
[SourceDate "2022.10.05"]
[SourceVersion "1"]
[SourceVersionDate "2022.10.05"]
[SourceQuality "1"]

1. Nf3 d5 2. d4 Nf6 3. e3 e6 4. Bd3 c5 5. c3 Nc6 6. 0-0 Bd6 7. Nbd2 0-0 8. e4 cxd4 9. Nxd4 e5 10. Nxc6 bxc6 11. Qa4 Bd7 12. Re1 Qc7 13. Nf1 c5 14. Qd1 dxe4 15. Bc2 Bg4 16. Qd2 Rad8 17. h3 Bf5 18. Ng3 Bg6 19. Qe2 Rd7 20. Bg5 Nd5 21. Ba4 Nf4 22. Qf1 f5 23. Bxd7 Qxd7 24. Bxf4 exf4 25. Ne2 f3 26. Ng3 fxg2 27. Qxg2 Qc7 28. Rad1 Rf6 29. Rd5 h6 30. Red1 Kh7 31. b3 Qe7 32. Re1 Re6 33. Kh1 Qf7 34. c4 e3 35. f3 f4 36. Ne2 Bf5 37. Rg1 Rf6 38. Rgd1 Qh5 39. Ng1 Rg6 40. Qh2 Rg3 41. Rxd6 Bxh3 0-1

[Event "Oruro op 8th"]
[Site "Oruro"]
[Date "2022.05.08"]
[Round "7"]
[White "Tapia, Mauricio"]
[Black "Mattes del Castillo, Addy"]
[Result "1-0"]
[WhiteElo "1904"]
[BlackElo "1687"]
[PlyCount "99"]
[EventDate "2022.05.05"]
[EventType "swiss"]
[EventRounds "7"]
[EventCountry "BOL"]
[SourceTitle "CBM 208 Extra"]
[Source "ChessBase"]
[SourceDate "2022.07.31"]
[SourceVersion "1"]
[SourceVersionDate "2022.07.31"]
[SourceQuality "1"]

1. f4 d5 2. b3 Bf5 3. Bb2 Nd7 4. Nf3 Ngf6 5. e3 e6 6. Be2 c5 7. Nh4 Be7 8. Nxf5 exf5 9. d3 0-0 10. Nd2 b5 11. 0-0 h6 12. Qe1 Nh7 13. Nf3 Bf6 14. Ne5 d4 15. exd4 cxd4 16. Bxd4 Nxe5 17. Bxe5 Bxe5 18. fxe5 Qd4+ 19. Qf2 Qxe5 20. d4 Qd6 21. Bxb5 Rac8 22. Bd3 g6 23. c4 Nf6 24. Qf4 Ne4 25. Qxd6 Nxd6 26. Rfe1 Rfe8 27. Kf2 Ne4+ 28. Kf3 Ng5+ 29. Kf2 Ne4+ 30. Ke3 f6 31. d5 Kf7 32. Kd4 Nc5 33. Rxe8 Kxe8 34. Re1+ Kd7 35. Bc2 a5 36. a3 Nb7 37. b4 Rf8 38. c5 axb4 39. c6+ Kc8 40. cxb7+ Kxb7 41. axb4 Kb6 42. Bd3 Kc7 43. Kc5 Rc8 44. d6+ Kd8+ 45. Kd5 Rc3 46. Bb5 Kc8 47. Re8+ Kb7 48. d7 Rc2 49. Bc6+ Ka7 50. Ra8+ 1-0

[Event "Oruro op 8th"]
[Site "Oruro"]
[Date "2022.05.07"]
[Round "5"]
[White "Martinez, Ariel A"]
[Black "Tapia, Mauricio"]
[Result "1-0"]
[WhiteElo "2165"]
[BlackElo "1904"]
[PlyCount "63"]
[EventDate "2022.05.05"]
[EventType "swiss"]
[EventRounds "7"]
[EventCountry "BOL"]
[SourceTitle "CBM 208 Extra"]
[Source "ChessBase"]
[SourceDate "2022.07.31"]
[SourceVersion "1"]
[SourceVersionDate "2022.07.31"]
[SourceQuality "1"]

1. e4 Nf6 2. e5 Nd5 3. d4 d6 4. Nf3 dxe5 5. Nxe5 c6 6. Bc4 Bf5 7. Nc3 e6 8. Bxd5 cxd5 9. g4 Be4 10. Nxe4 dxe4 11. c3 Bd6 12. Qa4+ Ke7 13. Be3 f6 14. Rd1 a6 15. g5 Qe8 16. gxf6+ gxf6 17. Qc2 Nc6 18. Nc4 Qg6 19. Qb3 Nd8 20. Qb6 Bb8 21. d5 e5 22. Bc5+ Kf7 23. Nd6+ Bxd6 24. Qxd6 Kg7 25. Kf1 Kh6 26. Qd7 f5 27. Rg1 Qf7 28. Qd6+ Kh5 29. Qxe5 Re8 30. Qg3 Qf6 31. Qh3+ Qh4 32. Qxf5+ 1-0

[Event "Oruro op 8th"]
[Site "Oruro"]
[Date "2022.05.05"]
[Round "2"]
[White "Tapia, Mauricio"]
[Black "Gareca Ordonez, Laura"]
[Result "1-0"]
[WhiteElo "1904"]
[BlackElo "1346"]
[PlyCount "119"]
[EventDate "2022.05.05"]
[EventType "swiss"]
[EventRounds "7"]
[EventCountry "BOL"]
[SourceTitle "CBM 208 Extra"]
[Source "ChessBase"]
[SourceDate "2022.07.31"]
[SourceVersion "1"]
[SourceVersionDate "2022.07.31"]
[SourceQuality "1"]

1. Nf3 Nf6 2. c4 e6 3. Nc3 d5 4. d4 c5 5. dxc5 Bxc5 6. cxd5 Nxd5 7. e4 Nxc3 8. Qxd8+ Kxd8 9. bxc3 Nc6 10. Bb5 Bd7 11. 0-0 Ke7 12. Bf4 f6 13. Kh1 Rac8 14. Rab1 a6 15. Be2 e5 16. Bg3 Rc7 17. Nd2 Na5 18. f4 exf4 19. Bxf4 Bd6 20. Bxd6+ Kxd6 21. Rfd1 Ke7 22. Rbc1 Ba4 23. Re1 Rhc8 24. Nb1 Rc5 25. Bd1 Bxd1 26. Rcxd1 Rd8 27. Rxd8 Kxd8 28. Kg1 Nc4 29. Kf2 Ra5 30. Re2 Ke7 31. Rc2 Ke6 32. Nd2 Nxd2 33. Rxd2 Ra3 34. Rc2 Ke5 35. Ke3 b5 36. Kd3 b4 37. Kc4 bxc3 38. Kb4 Kxe4 39. Kxa3 Kd3 40. Kb3 Ke3 41. Kxc3 f5 42. Kb4 f4 43. Ka5 g5 44. Kxa6 h5 45. a4 g4 46. Kb6 f3 47. gxf3 gxf3 48. a5 f2 49. Rc1 Ke2 50. a6 h4 51. a7 f1Q 52. Rxf1 Kxf1 53. a8Q Kg1 54. Qa2 h3 55. Kc5 Kh1 56. Kd4 Kg1 57. Ke3 Kh1 58. Kf3 Kg1 59. Kg3 Kh1 60. Qb1# 1-0

[Event "American Continental 09th"]
[Site "Cochabamba"]
[Date "2013.05.13"]
[Round "9"]
[White "Tapia, Mauricio"]
[Black "Parraga, Alejandro"]
[Result "0-1"]
[WhiteElo "1907"]
[BlackElo "2163"]
[PlyCount "74"]
[EventDate "2013.05.07"]
[EventType "swiss"]
[EventRounds "11"]
[EventCountry "BOL"]
[SourceTitle "CBM 154 Extra"]
[Source "ChessBase"]
[SourceDate "2013.06.25"]
[SourceVersion "2"]
[SourceVersionDate "2013.06.25"]
[SourceQuality "1"]

1. d4 d5 2. c4 c6 3. Nc3 Nf6 4. Nf3 dxc4 5. e4 b5 6. a4 b4 7. Na2 Nxe4 8. Bxc4 e6 9. 0-0 Be7 10. Qc2 Nf6 11. Bg5 a5 12. Nc1 0-0 13. Bd3 h6 14. Bf4 Bb7 15. Nb3 Nbd7 16. Qd2 Ba6 17. Rac1 Bxd3 18. Qxd3 Qb6 19. Nbd2 Nd5 20. Be3 Rfc8 21. Nc4 Qa6 22. Nfe5 Ra7 23. f4 Nxe5 24. fxe5 Nxe3 25. Qxe3 Bg5 26. Qf3 Bxc1 27. Rxc1 Rd8 28. Nd6 Rc7 29. Rc5 Qa7 30. Qe3 Rdd7 31. Ne8 Kf8 32. Nxc7 Qxc7 33. b3 Rd5 34. Rc4 Qd7 35. Kf1 f6 36. Qf4 Kg8 37. exf6 Rf5 0-1

[Event "American Continental 09th"]
[Site "Cochabamba"]
[Date "2013.05.12"]
[Round "7"]
[White "Chumpitaz Carbajal, Ann"]
[Black "Tapia, Mauricio"]
[Result "1-0"]
[WhiteElo "2155"]
[BlackElo "1907"]
[PlyCount "69"]
[EventDate "2013.05.07"]
[EventType "swiss"]
[EventRounds "11"]
[EventCountry "BOL"]
[SourceTitle "CBM 154 Extra"]
[Source "ChessBase"]
[SourceDate "2013.06.25"]
[SourceVersion "2"]
[SourceVersionDate "2013.06.25"]
[SourceQuality "1"]

1. e4 Nf6 2. e5 Nd5 3. d4 d6 4. c4 Nb6 5. exd6 cxd6 6. Bd3 g6 7. Bd2 Bg7 8. Bc3 0-0 9. Ne2 e5 10. 0-0 Nc6 11. d5 Ne7 12. b4 f5 13. Qb3 Kh8 14. Nd2 f4 15. f3 Bf5 16. Be4 Qd7 17. a4 Rac8 18. a5 Na8 19. Rac1 b6 20. axb6 axb6 21. Ra1 Nc7 22. Nxf4 Bxe4 23. fxe4 Bh6 24. Nd3 Be3+ 25. Kh1 Kg8 26. Nf3 Qg4 27. Qc2 Bh6 28. Ra7 Qd7 29. Bxe5 dxe5 30. d6 Nc6 31. Rxc7 Qe8 32. Rd1 Rf7 33. Rxc6 Qxc6 34. Ndxe5 Qe8 35. d7 1-0

[Event "American Continental 09th"]
[Site "Cochabamba"]
[Date "2013.05.09"]
[Round "3"]
[White "Tapia, Mauricio"]
[Black "Kropff, Ricardo"]
[Result "0-1"]
[WhiteElo "1907"]
[BlackElo "2224"]
[PlyCount "114"]
[EventDate "2013.05.07"]
[EventType "swiss"]
[EventRounds "11"]
[EventCountry "BOL"]
[SourceTitle "CBM 154 Extra"]
[Source "ChessBase"]
[SourceDate "2013.06.25"]
[SourceVersion "2"]
[SourceVersionDate "2013.06.25"]
[SourceQuality "1"]

1. d4 Nf6 2. c4 e6 3. Nc3 Bb4 4. Qc2 c5 5. Nf3 cxd4 6. Nxd4 0-0 7. Bg5 h6 8. Bh4 Nc6 9. e3 Qa5 10. Bxf6 gxf6 11. Bd3 Nxd4 12. exd4 b6 13. 0-0 Bxc3 14. bxc3 Ba6 15. Qd2 Rfc8 16. Qxh6 Qg5 17. Bh7+ Kh8 18. Qh3 Kg7 19. f4 Qh6 20. Qxh6+ Kxh6 21. Bc2 Bxc4 22. Rf3 f5 23. Kf2 Kg7 24. Bb3 d5 25. g4 fxg4 26. Rg1 Kf6 27. Rxg4 Rh8 28. Bxc4 dxc4 29. Rg2 Rag8 30. Rxg8 Rxg8 31. Rg3 Rh8 32. h3 Rh5 33. Re3 Ra5 34. Re2 Ra3 35. Rc2 Kf5 36. Ke3 b5 37. h4 b4 38. h5 Rxc3+ 39. Rxc3 bxc3 40. Ke2 Kf6 41. Kd1 Kg7 42. Kc2 Kh6 43. Kxc3 Kxh5 44. f5 exf5 45. d5 Kg6 46. Kxc4 Kf6 47. Kd4 f4 48. Ke4 f3 49. Kxf3 Ke5 50. Kg4 Kxd5 51. Kf5 Kc4 52. Kf6 Kb4 53. Kxf7 Ka3 54. Ke7 Kxa2 55. Kd6 a5 56. Kc5 Kb3 57. Kb5 a4 0-1